[Event "SLO-chT2E"]
[Site "Velenje"]
[Date "2004.11.21"]
[Round "6"]
[White "Topler, Branko"]
[Black "Buzeti, Jernej"]
[Result "0-1"]
[WhiteElo "1504"]
[BlackElo "1877"]
[PlyCount "94"]
[EventDate "2004.11.01"]
[EventType "team-tourn"]
[EventRounds "9"]
[EventCountry "SLO"]
[SourceTitle "EXT 2008"]
[Source "ChessBase"]
[SourceDate "2007.11.25"]
[SourceVersion "1"]
[SourceVersionDate "2007.11.25"]
[SourceQuality "1"]

1. e4 c5 2. Bc4 e6 3. a3 Qc7 4. Ne2 a6 5. Ng3 Nf6 6. 0-0 b5 7. Be2 Bb7 8. d3 Be7 9. b3 0-0 10. Bb2 Nc6 11. Nd2 Rac8 12. Nh5 Nd4 13. c3 Nxe2+ 14. Qxe2 Nxh5 15. Qxh5 Bf6 16. f4 d6 17. Rae1 g6 18. Qh6 Bg7 19. Qh4 f5 20. Nf3 Bf6 21. Qh3 Rce8 22. Re2 c4 23. dxc4 bxc4 24. e5 Bxf3 25. exd6 Qb6+ 26. Ref2 Bd5 27. bxc4 Bxc4 28. Rd1 Rd8 29. Qf3 Rxd6 30. Rxd6 Qxd6 31. h3 Bd8 32. Kh1 Bb6 33. Rc2 Qd3 34. Qxd3 Bxd3 35. Rd2 Rd8 36. a4 Be3 37. Rd1 Bxf4 38. Ba3 e5 39. c4 e4 40. Bb4 Rb8 41. Bc3 Bxc4 42. g4 Bd3 43. Bd2 Bxd2 44. Rxd2 f4 45. Kg2 Rc8 46. Rd1 Rc2+ 47. Kg1 f3 0-1